000
00336nam a2200145Ia 4500
008
230312s9999||||xx |||||||||||||| ||und||
020
_a
9789698455958
082
_a
891.4
_b
UZM-D
100
_a
عظمیٰ مسعود
245
0
_a
دل دریا
260
_b
Jamhori
_a
pak
_c
2012
300
_a
216
650
_a
Literature
942
_c
BK
999
_c
14925
_d
14925